Central Library OPAC University of Rajshahi

Finding and using technical information / (Record no. 858)

MARC details
000 -LEADER
fixed length control field 00852cam a22002891 4500
001 - CONTROL NUMBER
control field 858
003 - CONTROL NUMBER IDENTIFIER
rucl marc code BD-RjUL
005 - DATE AND TIME OF LATEST TRANSACTION
control field 20211208233235.0
008 - FIXED-LENGTH DATA ELEMENTS--GENERAL INFORMATION
fixed length control field 131123s1966 enkajb g 00| 0|eng d
035 ## - SYSTEM CONTROL NUMBER
System control number (BD-RjUL)880
System control number (OCoLC)664088
040 ## - CATALOGING SOURCE
Original cataloging agency DLC
Transcribing agency PPT
Modifying agency OCoLC
-- Uk
-- BD-RjUL
Language of cataloging eng
041 ## - LANGUAGE CODE
Language code of text/sound track or separate title eng
082 ## - DEWEY DECIMAL CLASSIFICATION NUMBER
Classification number 026.6
Edition number 19
Author mark and year CAF 1966
100 1# - MAIN ENTRY--PERSONAL NAME
Personal name Carey, R. J. P.
9 (RLIN) 2559
245 10 - TITLE STATEMENT
Title Finding and using technical information /
Statement of responsibility, etc. by R.J.P. Carey.
260 ## - PUBLICATION, DISTRIBUTION, ETC. (IMPRINT)
Place of publication, distribution, etc. London:
Name of publisher, distributor, etc. Edward Arnold,
Date of publication, distribution, etc. c1966
300 ## - PHYSICAL DESCRIPTION
Pagination vi, 153 p.
Illustrations facsims., table, diagrs.
Size 23 cm.
504 ## - BIBLIOGRAPHY, ETC. NOTE
Bibliography, etc Includes Index
650 #0 - SUBJECT ADDED ENTRY--TOPICAL TERM
Topical term or geographic name as entry element Communication in science.
9 (RLIN) 2560
Topical term or geographic name as entry element Communication of technical information.
9 (RLIN) 2561
Topical term or geographic name as entry element Research.
9 (RLIN) 2562
Topical term or geographic name as entry element Research, Industrial.
9 (RLIN) 2563
942 ## - ADDED ENTRY ELEMENTS (KOHA)
Source of classification or shelving scheme Dewey Decimal Classification
Koha item type Books
Holdings
Lost status Source of classification or shelving scheme Damaged status Not for loan Collection code Permanent Location Current Location Shelving location Date acquired Source of acquisition Cost, normal purchase price Total Checkouts Full call number Date last seen Copy number Koha item type
  Dewey Decimal Classification   Not For Loan Non-fiction Central Library, University of Rajshahi Central Library, University of Rajshahi Reading Room 27/04/1987 Zeitlinger 15.00   026.6 CAF 1966 23/11/2013 C-1 Books